[Event "US Amateur West-ch"]
[Site "Palo Verde"]
[Date "2010.05.30"]
[Round "4"]
[White "Eng, Randel Jen Fong"]
[Black "Hu, Bryan"]
[Result "0-1"]
[WhiteElo "2089"]
[BlackElo "2180"]
[PlyCount "63"]
[EventDate "2010.05.29"]
[EventType "swiss"]
[EventRounds "6"]
[EventCountry "USA"]
[SourceTitle "EXT 2014"]
[Source "ChessBase"]
[SourceDate "2013.11.20"]
[SourceVersion "1"]
[SourceVersionDate "2013.11.20"]
[SourceQuality "1"]

1. e4 e5 2. Nf3 Nc6 3. d4 exd4 4. Bc4 Nf6 5. e5 d5 6. Bb5 Nd7 7. 0-0 Be7 8. Bxc6 bxc6 9. Nxd4 Nxe5 10. Bf4 Ng6 11. Nxc6 Qd7 12. Nxe7 Nxe7 13. Nc3 0-0 14. Re1 Bb7 15. Qh5 Ng6 16. Bg3 d4 17. Ne4 Bxe4 18. Rxe4 f5 19. Ree1 Rab8 20. Be5 f4 21. Qe2 Qd5 22. Bxc7 Rbc8 23. c4 dxc3 24. Rad1 Qc6 25. Ba5 f3 26. Qc2 Nf4 27. Qb3+ Kh8 28. Bxc3 Nh3+ 29. Kf1 Qa6+ 30. Qb5 Qxb5+ 31. Rd3 Qxd3+ 32. Re2 0-1

[Event "North American op 16th"]
[Site "Las Vegas"]
[Date "2006.12.27"]
[Round "2"]
[White "Chen, Felix"]
[Black "Eng, Randel Jen Fong"]
[Result "0-1"]
[WhiteElo "1478"]
[BlackElo "1593"]
[PlyCount "132"]
[EventDate "2006.12.26"]
[EventType "swiss"]
[EventRounds "9"]
[EventCountry "USA"]
[SourceTitle "CBM 116 Extra"]
[Source "ChessBase"]
[SourceDate "2007.03.07"]
[SourceVersion "1"]
[SourceVersionDate "2007.03.07"]
[SourceQuality "1"]

1. e4 c5 2. d4 cxd4 3. c3 dxc3 4. Nxc3 Nc6 5. Nf3 g6 6. Bc4 d6 7. Qe2 Bg7 8. 0-0 Bg4 9. Bxf7+ Kxf7 10. Ng5+ Ke8 11. Qxg4 Ne5 12. Qe2 Qd7 13. f4 Nf7 14. Nxf7 Kxf7 15. f5 Nf6 16. fxg6+ hxg6 17. e5 dxe5 18. Qxe5 Rad8 19. Be3 a6 20. Bb6 Qd6 21. Bc7 Qxe5 22. Bxe5 Ke8 23. Rae1 Nh5 24. Bxg7 Nxg7 25. Rf3 Rd2 26. b3 Nf5 27. Re2 Rxe2 28. Nxe2 e5 29. g4 Ne7 30. Rf6 Rh4 31. Re6 Rxg4+ 32. Kf2 Rg5 33. Ng3 Kd7 34. h4 Rxg3 35. Rxe7+ Kxe7 36. Kxg3 Ke6 37. Kg4 Kd5 38. Kf3 Kd4 39. Ke2 Ke4 40. a3 b5 41. b4 Kf4 42. Kd3 Kf3 43. Kd2 e4 44. Ke1 e3 45. Kf1 e2+ 46. Ke1 Ke3 47. h5 gxh5 48. a4 h4 49. a5 Kd4 50. Kxe2 Kc4 51. Kf3 Kxb4 52. Kg4 Kxa5 53. Kxh4 Kb4 54. Kg3 Kc3 55. Kf3 b4 56. Ke2 b3 57. Kd1 b2 58. Ke2 b1Q 59. Ke3 Qd1 60. Ke4 Qd3+ 61. Ke5 Qd4+ 62. Ke6 Kc4 63. Ke7 Kc5 64. Ke8 Qg7 65. Kd8 Kd6 66. Kc8 Qc7# 0-1

[Event "Toronto Summer Special"]
[Site "Toronto"]
[Date "1979.08.12"]
[Round "9"]
[White "Brodie, Hugh"]
[Black "Eng, Randel Jen Fong"]
[Result "1/2-1/2"]
[WhiteElo "1850"]
[BlackElo "1656"]
[PlyCount "102"]
[EventDate "1979.08.04"]
[EventType "swiss"]
[EventRounds "9"]
[EventCountry "CAN"]
[SourceTitle "EXT 2022"]
[Source "ChessBase"]
[SourceDate "2021.10.06"]
[SourceVersion "1"]
[SourceVersionDate "2021.10.06"]
[SourceQuality "1"]

1. f4 d5 2. Nf3 Nf6 3. b3 Bg4 4. e3 e6 5. Bb2 Bd6 6. Be2 Nbd7 7. Ne5 Bxe2 8. Qxe2 Rg8 9. d3 c6 10. Nd2 Qc7 11. Ndf3 Rf8 12. 0-0 0-0-0 13. c4 Rde8 14. d4 Ne4 15. c5 Bxe5 16. fxe5 f5 17. b4 g5 18. b5 Qa5 19. bxc6 bxc6 20. Rfd1 Nb8 21. Rd3 Qa6 22. Qd1 Re7 23. Ra3 Qb5 24. Rb3 Qa5 25. Ra3 Qd8 26. Bc3 Rb7 27. Nd2 Qe8 28. Rb1 Rxb1 29. Nxb1 Rf7 30. Qh5 Qf8 31. Nd2 Rb7 32. h3 Ng3 33. Qxg5 Rg7 34. Qf6 Qg8 35. Qh4 Ne2+ 36. Kf1 Rxg2 37. Ke1 Nxc3 38. Rxc3 Qg3+ 39. Qxg3 Rxg3 40. Kf2 Rxh3 41. Kg2 Rh4 42. Nf3 Rg4+ 43. Kh3 Na6 44. Ra3 Kb7 45. Rb3+ Kc7 46. Ra3 Kb7 47. Rb3+ Ka8 48. Ne1 Nc7 49. Nd3 Na6 50. Nf4 Nc7 51. Nd3 Na6 1/2-1/2